000 01565nam a2200313Ia 4500
003 OSt
005 20201022170221.0
008 191128s2010 ck aodbfr 000 0 spa d
020 _a9789586642330
040 _aCO-JMCR
_cCO-JMCR
041 0 _aspa
082 0 4 _a986.11401 /
_bC169c
_223
100 1 _aCalvo Stevenson, Haroldo,
_eeditor
_910914
245 1 0 _aCartagena de Indias en el Siglo XVI /
_cHaroldo Calvo Stevenson y Adolfo Meisel Roca, editores
250 _aPrimera edición
260 _aCartagena :
_bBanco de la República,
_c2010
300 _a318 páginas :
_bilustraciones, fotografías, gráficos y mapas ;
_c23 cm.
500 _aIncluye notas a pie de página.
504 _aBibliografía al final de cada capítulo.
505 0 _aEl mundo indígena -- Cartografía -- Economía y piratearía -- Población y sociedad -- Literatura -- Mesa redonda
520 3 _aEste libro recoge los trabajos y comentarios presentados en el VI simposio sobre la historia de Cartagena: la ciudad en el siglo XVI, organizado por el área cultural del Banco de la República y llevado a cabo entre el 14 y 15 de septiembre de 2006
650 1 4 _aCartagena (Colombia)
_x1808-1821
_910915
650 1 4 _aEconomía
_ySiglo XVI
_zCartagena (Colombia)
_911851
650 1 4 _aPiratas
_xhistoria
_ySiglo XVI
_zCartagena (Colombia)
_911852
651 4 _aCartagena (Colombia)
_xvida social y costumbres
_zSiglo XVI
_911853
651 4 _aCartagena (Colombia)
_xpoblación
_xhistoria
_zSiglo XVI
_911854
700 1 _aMeisel Roca, Adolfo,
_eeditor
_97353
942 _2ddc
_cBK
999 _c6359
_d6359